000 00464nam a2200193Ia 4500
005 20250603145221.0
008 250603s9999 xx 000 0 und d
020 _a9780273751427
050 _aQA 76.73 .J38 S27/
100 _aSavitch, Walter
245 0 _aJava : an introduction to problem solving & programming
250 _a6th ed.
260 _aBoston
260 _bPearson
260 _c2012
300 _a984 p
650 _aBoston
942 _cBK
999 _c41218
_d41218